Fun-size academic writing for serious learning: 101 lessons & mentor texts – narratives opinion argument, & informative explanatory, grades 4 – 9
Kaydedildi:
| Yazar: | |
|---|---|
| Materyal Türü: | Kitap |
| Dil: | İngilizce |
| Baskı/Yayın Bilgisi: |
Corwin Literacy,
2013.
|
| Etiketler: |
Etiketle
Etiket eklenmemiş, İlk siz ekleyin!
|
MARC
| LEADER | 00000nam a22000007a 4500 | ||
|---|---|---|---|
| 008 | 210914b ||||| |||| 00| 0 eng d | ||
| 020 | |a 978-1-4522-6861-3 | ||
| 100 | |a BERNABEI, Gretchen S. | ||
| 245 | |a Fun-size academic writing for serious learning: |b 101 lessons & mentor texts – narratives opinion argument, & informative explanatory, grades 4 – 9 |c Gretchen S. Bernabei, |Judi Reimer |g xv, 244p. : ill. | ||
| 260 | |b Corwin Literacy, |c 2013. |h Thousand Oaks, California: |i 692348 – EDU, 692349 |l LB1576 .B46 |m English language – Composition and exercises – Study and teaching (Elementary) – Activity programs. |m English language – Composition and exercises – Study and teaching (Middle school) – Activity programs. | ||
| 942 | |a lcc |c BK |e Adeniran, Dapo |f 14/09/2021 | ||
| 952 | |0 0 |1 0 |2 lcc |4 0 |6 LB1576 B46 |7 0 |9 3565 |a HOL |b ED |c LP |d 2021-09-14 |l 0 |o LB1576 .B46 |p 2021-67296 |r 2021-09-14 00:00:00 |w 2021-09-14 |y BK | ||
| 952 | |0 0 |1 0 |2 lcc |4 0 |6 LB1576 B46 |7 0 |9 3566 |a HOL |b HOL |c LP |d 2021-09-14 |l 0 |o LB1576 .B46 |p 2021-67297 |r 2021-09-14 00:00:00 |w 2021-09-14 |y BK | ||
| 999 | |c 1766 |d 1766 | ||